Atlanta Hawks 20 Points Per Game Players - Statistics

General Stats
  • This quiz has been taken 268 times
    23 since last reset
  • The average score is 9 of 20
Answer Stats
# Players Last % Correct
6 Trae Young 2025
100%
11 Dominique Wilkins 1994
95%
1 Jalen Johnson 2026
91%
5 Joe Johnson 2010
91%
11 Bob Pettit 1965
86%
2 Dejounte Murray 2024
59%
1 Nickeil Alexander-Walker 2026
59%
2 Steve Smith 1998
50%
1 John Collins 2020
45%
3 Pete Maravich 1974
36%
1 Antoine Walker 2005
32%
4 Cliff Hagan 1962
32%
6 Lou Hudson 1974
32%
2 Shareef Abdur-Rahim 2004
27%
1 Moses Malone 1989
18%
5 John Drew 1981
14%
3 Clyde Lovellette 1962
9%
1 Joe Caldwell 1970
9%
1 Glenn Robinson 2003
5%
3 Zelmo Beaty 1969
5%
No matching quizzes found
Score Distribution
Percent of People with Each Score
Percentile by Number Answered
Your Score History
You have not taken this quiz since the last reset